02679nab a2200421uuc4500001000800000005001700008008004100025035001200066040001300078041001300091100005200104245002500156505102300181650002201204650003601226650002501262650003501287650002501322650004301347650003101390650003801421650003201459700005301491700005601544700004501600700005601645700005601701700004901757700004401806700005701850700005501907700005201962700005302014700005302067773010802120942001002228999001902238135353020240202113112.0131206e20130405 mul  a1353530 ccomduadb aENGamul10aTristancho Reyes, José Luis4auteaut940311810aMecánica (dossier) aCONTENIDO: Evaluación de la corrosión de un cobre comercialmente puro en mezclas de bioetanol- gasolina, mediante gravimetría y electroquímica / José Luis Tristancho Reyes (pp. 79-85). -- Revisión y análisis de diseño mecatrónico para diseño curricular transdisciplinario de programas de ingeniería multidisciplinares / Jaime Humberto Carvajal Rojas (pp. 86-94). -- The combustion engine as a mechatronic object in mechanical technology undergraduate curriculum / Carlos Alberto Romero Piedrahita; Ricardo Acosta Acosta; Yamid Alberto Carranza Sánchez (pp. 95-100). -- Estrategia de Coordinación y Comunicación para Sistemas Robóticos Colaborativos / Ricardo Castillo Estepa; João Mauricio Rosário; Germán Vargas Torres (pp. 101-107). -- Simulación dinámica de una transmisión de variación continúa / María Bárbara Calva Yáñez; Edgar Alfredo Portilla Flores; Paola Andrea Niño Suárez; Gabriel Sepúlveda Cervantes; Juan Carlos González Robles (pp. 108-113). aBioetanol9111168 aVelocidad de corrosión931433 aGravimetría972393 aDiseño mecatrónico9187051 aMecatrónica915499 aMotores de combustión interna924705 aRobótica móvil9166466 aMecanismo de cuatro barras929826 aModelos dinámicos917660010aCarvajal Rojas, Jaime Humberto4auteaut954594910aRomero Piedrahita, Carlos Alberto4auteaut930461110aAcosta Acosta, Ricardo4auteaut954280010aCarranza Sánchez, Yamid Alberto4auteaut970259610aCastillo Estepa, Ricardo Andrés4auteaut969178710aRosário, Joao Maurício4auteaut966984510aVargas Torres, German4auteaut971246210aCalva Yáñez, María Bárbara4auteaut968873610aPortilla Flores, Édgar Alfredo4auteaut957617610aNiño Suárez, Paola Andrea4auteaut936393710aSepúlveda Cervantes, Gabriel4auteaut968873710aGonzález Robles, Juan Carlos4auteaut96832080 tScientia Et Technica (Pereira)gVol. 18, No. 01, Abr. 2013. CD-ROM, p. 79-113w205375x0122-1701084632 cARIMP c662263d662263